000 00357nam a22001457a 4500
003 OSt
005 20220216102946.0
008 220216b |||||||| |||| 00| 0 eng d
020 _a0849379822
040 _cH U
082 _a629.8
100 _aSilva Clarence W. DE
_930656
245 _aIntelligent Control Fuzzy Logic Applications
942 _2ddc
_cBOOKS
_n0
999 _c30547
_d30547